লোডিং...

Manorama yearbook-1997

গ্রন্থ-পঞ্জীর বিবরন
প্রধান লেখক: Mammen Varghese, Ed
বিন্যাস: Printed Book
প্রকাশিত: Kottayam Manorama Publishing House 1997
বিষয়গুলি:
LEADER 00421nam a2200157 4500
082
100 |a Mammen Varghese, Ed. 
245 |a Manorama yearbook-1997 
250
260 |a Kottayam  |b Manorama Publishing House  |c 1997 
300
490
650 |a General encyclopedic works-Malayalam 
942 |c BK 
999 |c 232896  |d 232896 
952 |0 0  |1 0  |4 0  |7 0  |9 247029  |a SDE  |b SDE  |d 2019-12-12  |l 0  |p SDE12332  |r 2019-12-12  |w 2019-12-12  |y BK